Návrh bezpečnostnej architektúry počítačových systémov

Enregistré dans:
Détails bibliographiques
Auteur principal: Bauer, Helmut (Auteur)
Autres auteurs: Hasan, Jamal, 1969- (Directeur de thèse)
Format: Manuscrit Livre
Langue:slovaque
Publié: Bratislava : STU, 2006
Sujets:
Tags: Ajouter un tag
Pas de tags, Soyez le premier à ajouter un tag!

MARC

LEADER 00000ntm a22000003a 4500
001 stu139088
005 20180302140504.0
008 070321s2006----xo------------------slo-d
040 |a STU  |b slo 
041 0 |a slo 
044 |a xo 
100 1 |a Bauer, Helmut  |4 aut 
245 1 |a Návrh bezpečnostnej architektúry počítačových systémov 
260 |a Bratislava :  |b STU,  |c 2006 
300 |a 75 s 
650 7 |a počítačové inžinierstvo  |2 stusub 
700 1 |a Hasan, Jamal,  |d 1969-  |4 ths  |u I100  |U FIIT Fakulta informatiky a informačných technológií  |T FIIT Ústav počítačových systémov a sietí  |X 1916  |U I100  |Y 178  |7 A000001916 
996 |c I*DP41/06  |l II680  |s P  |a 0  |w stu139088_0001